Impuesto sobre los bienes personales /

Guardado en:
Autor Principal: Crivella, Alejandro.
Otros Autores: Arregui, Alejandro., Kern, Juan Ricardo
Formato: Libro
Idioma:Spanish
Publicado: Buenos Aires : Osmar D. Buyatti, c1996.
Series:Colección Reformas tributarias ; 1.
Materias:
Etiquetas: Agregar Etiqueta
Sin Etiquetas, Sea el primero en etiquetar este registro!
LEADER 01137nam a22002415a 4500
001 EAD.ead000404
008 060522s1996####ag############000#0#spa#d
005 20101115161948.0
245 1 0 |a Impuesto sobre los bienes personales /  |c Alejandro Crivella, Alejandro Arregui. 
260 |a Buenos Aires :  |b Osmar D. Buyatti,  |c c1996. 
300 |a 111 p. ;  |c 28 cm. 
490 0 |a Colección Reformas tributarias ;  |v 1 
500 |a Con: Esquema del régimen legal y reglamentario de los residentes del exterior (R.G. 4172) / Ricardo Kern. 
505 0 |a Análisis integral -- Nuevas normas -- Técnica y práctica -- Determinación y liquidación del gravamen 
020 |a 9879156021 
100 1 |a Crivella, Alejandro. 
700 1 |a Arregui, Alejandro. 
700 1 |a Kern, Juan Ricardo  |t Esquema del régimen legal y reglamentario de los residentes del exterior (R.G. 4172) 
830 0 |a Colección Reformas tributarias ;  |v 1. 
082 0 4 |a 336.242  |2 21 
653 |a Impuesto sobre los bienes personales 
859 |a AR-BaBDC  |b BIB. ADMINISTRACION - Libros  |h 336.242  |i C869  |p b03604 
859 |a AR-BaBDC  |b BIB. ADMINISTRACION - Libros  |h 336.242  |i C869  |p b05275  |t Ej.2